Use of chloroplast DNA polymorphisms for the phylogenetic study of seven Phaseolous taxa including P. vulgaris and P. coccineus (Record no. 71821)

MARC details
000 -LEADER
fixed length control field 00459nam a2200145Ia 4500
100 ## - MAIN ENTRY--AUTHOR NAME
Personal name Schmit V
245 #0 - TITLE STATEMENT
Title Use of chloroplast DNA polymorphisms for the phylogenetic study of seven Phaseolous taxa including P. vulgaris and P. coccineus
260 ## - PUBLICATION, DISTRIBUTION, ETC. (IMPRINT)
Name of publisher Theoretical and Applied Genetics
Year of publication 1993
300 ## - PHYSICAL DESCRIPTION
Number of Pages 506-516
700 ## - ADDED ENTRY--PERSONAL NAME
Personal name Baudoin J P
700 ## - ADDED ENTRY--PERSONAL NAME
Personal name Debouck D G
700 ## - ADDED ENTRY--PERSONAL NAME
Personal name du Jardin P
942 ## - ADDED ENTRY ELEMENTS (KOHA)
Koha item type Journals
Holdings
Withdrawn status Lost status Damaged status Not for loan Home library Current library Date acquired Serial Enumeration / chronology Koha item type
      Journals RRII Library RRII Library 17/12/2021 Volume 87, Issue 4 Journals